000 00287nam a22001337a 4500
008 170724b xxu||||| |||| 00| 0 eng d
020 _a883919138015
041 _aeng
080 _a004
100 _a29
101 _aSHK
245 _aCLASSROOM IN A BOOK
_cGYNCILD,B
942 _2udc
_cBK
999 _c21805
_d21805